[Event "M.Botvinnik Memorial 2012"]
[Site "St. Petersburg, Russia"]
[Date "2012.09.01"]
[Round "8.45"]
[White "Usmanov, Vasily"]
[Black "Gladkov, Kirill"]
[Result "1-0"]
[WhiteElo "2333"]
[BlackElo "2158"]
[PlyCount "111"]
[EventDate "2012.08.25"]

1. d4 Nf6 2. c4 c5 3. d5 e5 4. Nc3 d6 5. e4 g6 6. Bd3 Nbd7 7. a3 a6 8. Rb1 Bg7
9. Nge2 O-O 10. O-O Nh5 11. Qc2 Qf6 12. f3 Nf4 13. Nxf4 exf4 14. Ne2 g5 15. b4
Qe7 16. g3 fxg3 17. hxg3 cxb4 18. axb4 Ne5 19. Kg2 Bd7 20. Nd4 Rac8 21. Be3 b5
22. c5 dxc5 23. bxc5 Rxc5 24. Qd2 Nxd3 25. Qxd3 Rc4 26. Rfc1 Rfc8 27. Rxc4 Rxc4
28. g4 Be5 29. Ne2 h6 30. Rh1 Kg7 31. Qd2 Rb4 32. d6 Qxd6 33. Qxd6 Bxd6 34. Rd1
Bxg4 35. Rxd6 Be6 36. Rxa6 Kg6 37. Nd4 Kf6 38. Rb6 Rb2+ 39. Kg3 Ra2 40. Nxe6
fxe6 41. Bd4+ Kf7 42. Rxb5 Rd2 43. Be5 h5 44. Rb7+ Kf8 45. Rh7 h4+ 46. Kg4 Rg2+
47. Kh5 Ke8 48. Kg6 g4 49. fxg4 Rxg4+ 50. Kf6 Kd8 51. Kxe6 Kc8 52. Rc7+ Kd8 53.
Rg7 Rxg7 54. Bxg7 Kc7 55. Be5+ Kc6 56. Bh2 1-0

[Event "M.Botvinnik Memorial 2012"]
[Site "St. Petersburg, Russia"]
[Date "2012.09.01"]
[Round "8.46"]
[White "Gorjunov, Sergey"]
[Black "Biriukov, Oleg V"]
[Result "1/2-1/2"]
[WhiteElo "2128"]
[BlackElo "2332"]
[PlyCount "99"]
[EventDate "2012.08.25"]

1. c4 g6 2. Nc3 c5 3. Nf3 Bg7 4. g3 Nc6 5. Bg2 e5 6. d3 Nge7 7. Bd2 h6 8. Qc1
g5 9. h4 g4 10. Nh2 h5 11. Nf1 d6 12. Ne3 O-O 13. Ned5 Nxd5 14. Nxd5 Ne7 15.
Bg5 f6 16. Bh6 Be6 17. O-O Bxd5 18. Bxd5+ Nxd5 19. cxd5 Qe7 20. f3 Kh7 21. Bxg7
Qxg7 22. f4 Rae8 23. fxe5 fxe5 24. Qe3 Qg6 25. b4 b6 26. bxc5 bxc5 27. Rab1
Rxf1+ 28. Rxf1 Kg7 29. Qd2 Re7 30. a4 Rf7 31. Rxf7+ Qxf7 32. Qg5+ Kh7 33. Qd8
Qxd5 34. Qe7+ Kg8 35. Qg5+ Kf8 36. Qxh5 Qd4+ 37. Kg2 c4 38. Qf5+ Ke7 39. Qh7+
Kf6 40. dxc4 Qxc4 41. Qxa7 Ke6 42. Kf2 Qc6 43. a5 Qh1 44. Qe3 Qh2+ 45. Kf1 Qh1+
46. Qg1 Qd5 47. a6 Qd1+ 48. Kf2 Qd4+ 49. Kf1 Qd1+ 50. Kf2 1/2-1/2

[Event "M.Botvinnik Memorial 2012"]
[Site "St. Petersburg, Russia"]
[Date "2012.09.01"]
[Round "8.47"]
[White "Tkachev, Ivan"]
[Black "Pasiev, Rakhim"]
[Result "1/2-1/2"]
[WhiteElo "2117"]
[BlackElo "2325"]
[PlyCount "81"]
[EventDate "2012.08.25"]

1. d4 d5 2. Bg5 Nd7 3. Nc3 Ngf6 4. Qd3 e6 5. e4 dxe4 6. Nxe4 Be7 7. Nxf6+ Nxf6
8. Bxf6 Bxf6 9. O-O-O O-O 10. Nf3 b6 11. Qe4 Rb8 12. Bb5 Bb7 13. Bc6 Bxc6 14.
Qxc6 Qd5 15. Qxd5 exd5 16. c3 Rfe8 17. Rhe1 Kf8 18. Rxe8+ Rxe8 19. Re1 Rxe1+
20. Nxe1 Ke7 21. Kd2 c5 22. Ke3 Kd6 23. f4 Bd8 24. Nd3 Bc7 25. b4 c4 26. Ne5 f6
27. Nf3 Kc6 28. a4 a5 29. b5+ Kd7 30. h3 Bd6 31. Ne1 h5 32. g4 hxg4 33. hxg4
Ke6 34. Nc2 g6 35. Kf3 Bf8 36. Ke3 Be7 37. Kf3 Bd6 38. Ke3 g5 39. f5+ Kd7 40.
Ke2 Bf4 41. Ne3 1/2-1/2

[Event "M.Botvinnik Memorial 2012"]
[Site "St. Petersburg, Russia"]
[Date "2012.09.01"]
[Round "8.48"]
[White "Emdin, Mark"]
[Black "Barhudarian, Rafael"]
[Result "1-0"]
[WhiteElo "2109"]
[BlackElo "2320"]
[PlyCount "187"]
[EventDate "2012.08.25"]

1. e4 Nc6 2. Nf3 d6 3. d4 Nf6 4. Nc3 g6 5. h3 Bg7 6. Be3 a6 7. Bd3 e5 8. dxe5
Nxe5 9. Nxe5 dxe5 10. Bc4 Bd7 11. Bg5 O-O 12. Qf3 h6 13. Bh4 g5 14. Bg3 Qe7 15.
O-O c6 16. Nd1 b5 17. Bb3 c5 18. c3 Bc6 19. Bc2 Rfe8 20. Ne3 Qb7 21. Ng4 Nxg4
22. Qxg4 Rad8 23. Rad1 Qe7 24. h4 Bd7 25. Qh5 Be6 26. hxg5 Qxg5 27. Qxg5 hxg5
28. a3 a5 29. Rxd8 Rxd8 30. Rd1 Rxd1+ 31. Bxd1 a4 32. f3 f6 33. Be1 g4 34. Bd2
g3 35. Be2 Bd7 36. Kf1 Bf8 37. Ke1 Kh7 38. Kd1 Bh6 39. Bxh6 Kxh6 40. Kd2 Kg5
41. Ke3 Bc6 42. Bf1 c4 43. Be2 Bd7 44. Bf1 f5 45. Be2 Be6 46. exf5 Bxf5 47. Bf1
Bc2 48. Be2 Kf5 49. Bf1 e4 50. Be2 Bd3 51. fxe4+ Bxe4 52. Bf3 Bxf3 53. Kxf3 Ke5
54. Kxg3 Ke4 55. Kf2 Kd3 56. g4 Kc2 57. g5 Kxb2 58. g6 b4 59. axb4 a3 60. g7 a2
61. g8=Q a1=Q 62. Qxc4 Qa7+ 63. Ke2 Kc2 64. b5 Qe7+ 65. Kf3 Qf6+ 66. Ke3 Qg5+
67. Kd4 Qf4+ 68. Kc5 Qf8+ 69. Kb6 Qb8+ 70. Ka5 Qa7+ 71. Kb4 Qe7+ 72. Qc5 Qe4+
73. c4 Qe1+ 74. Ka4 Qa1+ 75. Qa3 Qd4 76. Qb3+ Kd2 77. Qb4+ Kc2 78. b6 Qd7+ 79.
Ka5 Qb7 80. c5 Kd3 81. Kb5 Qd5 82. Qa3+ Kd4 83. Qa1+ Ke3 84. Qc3+ Kf2 85. Qc4
Qh1 86. c6 Qb1+ 87. Ka6 Qa1+ 88. Kb7 Qg7+ 89. c7 Qg2+ 90. Qc6 Qg7 91. Kb8 Qg3
92. b7 Ke1 93. Qb6 Qf4 94. Qa5+ 1-0

[Event "M.Botvinnik Memorial 2012"]
[Site "St. Petersburg, Russia"]
[Date "2012.09.01"]
[Round "8.49"]
[White "Tselkovskiy, Kirill"]
[Black "Kabanov, Nikolai"]
[Result "1/2-1/2"]
[WhiteElo "1991"]
[BlackElo "2501"]
[PlyCount "51"]
[EventDate "2012.08.25"]

1. e4 c5 2. Nf3 e6 3. d4 cxd4 4. Nxd4 Nf6 5. Nc3 Nc6 6. Ndb5 Bc5 7. Bf4 O-O 8.
Bc7 Qe7 9. Bd6 Bxd6 10. Qxd6 Ne8 11. Qxe7 Nxe7 12. Nd4 b6 13. Bd3 Bb7 14. O-O-O
Nf6 15. f3 Ng6 16. Rhe1 d6 17. g3 Rfd8 18. Bf1 Kf8 19. Rd2 Ke7 20. f4 Nf8 21.
Bg2 Rd7 22. e5 dxe5 23. Bxb7 exd4 24. Bxa8 dxc3 25. Rxd7+ N8xd7 26. bxc3
1/2-1/2

[Event "M.Botvinnik Memorial 2012"]
[Site "St. Petersburg, Russia"]
[Date "2012.09.01"]
[Round "8.50"]
[White "Dotsenko, Sergey"]
[Black "Chekhov, Sergei"]
[Result "0-1"]
[WhiteElo "2188"]
[BlackElo "2444"]
[PlyCount "48"]
[EventDate "2012.08.25"]

1. e4 c5 2. b4 b6 3. bxc5 bxc5 4. Bb2 Nc6 5. Nf3 Rb8 6. Qc1 Qb6 7. Bc3 Nf6 8.
d3 d6 9. Nbd2 e5 10. Nc4 Qc7 11. Be2 Be7 12. h3 Be6 13. Ne3 Nd4 14. Bd2 Nxe2
15. Kxe2 c4 16. Ng5 c3 17. Nxe6 fxe6 18. Be1 d5 19. Rb1 O-O 20. Rb3 dxe4 21.
Bxc3 Nd5 22. dxe4 Nf4+ 23. Kf1 Rxb3 24. cxb3 Nd3 0-1

[Event "M.Botvinnik Memorial 2012"]
[Site "St. Petersburg, Russia"]
[Date "2012.09.01"]
[Round "8.51"]
[White "Matsenko, Andrei"]
[Black "Zavoronkov, Vladimir"]
[Result "1/2-1/2"]
[WhiteElo "2188"]
[BlackElo "2384"]
[PlyCount "38"]
[EventDate "2012.08.25"]

1. e4 e5 2. Nf3 Nc6 3. Bb5 a6 4. Ba4 d6 5. c3 Bd7 6. O-O Nge7 7. d4 Ng6 8. Re1
Be7 9. Nbd2 h6 10. Nf1 Bg5 11. Be3 O-O 12. Bc2 Nf4 13. Ng3 Qf6 14. dxe5 Nxe5
15. Nxe5 Qxe5 16. Bd4 Qe8 17. Be3 Qe5 18. Bd4 Qe8 19. Be3 Qe5 1/2-1/2

[Event "M.Botvinnik Memorial 2012"]
[Site "St. Petersburg, Russia"]
[Date "2012.09.01"]
[Round "8.52"]
[White "Balaian, Alina"]
[Black "Donskov, Anatoly"]
[Result "0-1"]
[WhiteElo "2179"]
[BlackElo "2328"]
[PlyCount "102"]
[EventDate "2012.08.25"]

1. Nf3 Nf6 2. g3 d5 3. Bg2 c5 4. c4 dxc4 5. Qa4+ Nbd7 6. Ne5 e6 7. Nxc4 Be7 8.
Nc3 O-O 9. d3 Nb6 10. Qb3 Nbd5 11. Ne3 Nxc3 12. bxc3 Rb8 13. Nc4 b5 14. Ne5 Bb7
15. Bxb7 Rxb7 16. Nc6 Qc7 17. Nxe7+ Qxe7 18. Bg5 h6 19. Bxf6 Qxf6 20. O-O Qe5
21. e3 Rc8 22. Qa3 b4 23. cxb4 cxb4 24. Qa6 Qb5 25. Qxb5 Rxb5 26. Rfc1 Rbc5 27.
Rxc5 Rxc5 28. Rb1 a5 29. Rb2 Rc3 30. d4 Kf8 31. Kf1 Ke7 32. Ke1 Kd6 33. Kd2 Kd5
34. Rb3 Kc4 35. Rxc3+ bxc3+ 36. Kc2 h5 37. f3 f6 38. g4 hxg4 39. fxg4 g5 40. h3
f5 41. d5 Kxd5 42. Kxc3 fxg4 43. hxg4 Ke4 44. Kd2 Kf3 45. a4 Kxg4 46. Ke2 Kh3
47. Kf2 g4 48. Kg1 Kg3 49. e4 Kf4 50. Kf2 Kxe4 51. Kg3 Kf5 0-1

[Event "M.Botvinnik Memorial 2012"]
[Site "St. Petersburg, Russia"]
[Date "2012.09.01"]
[Round "8.53"]
[White "Shushpanov, Vladimir"]
[Black "Solovjova, Valentina"]
[Result "0-1"]
[WhiteElo "2318"]
[BlackElo "2175"]
[PlyCount "64"]
[EventDate "2012.08.25"]

1. e4 c6 2. d3 d5 3. Nd2 dxe4 4. dxe4 e5 5. Bc4 Nf6 6. Ngf3 Bd6 7. h3 O-O 8. a4
b6 9. Qe2 a6 10. O-O Bb7 11. Rd1 b5 12. Bb3 Nbd7 13. c3 Qc7 14. Nf1 c5 15. Bc2
c4 16. Bg5 Rfe8 17. Ng3 h6 18. Bh4 Bf8 19. Qe3 Qc6 20. Nf5 Nc5 21. axb5 axb5
22. Rxa8 Bxa8 23. Bg3 Nfxe4 24. Bxe5 Ng5 25. N5d4 Nxf3+ 26. gxf3 Qd5 27. Nxb5
Qxe5 28. Qxe5 Rxe5 29. Rd8 Bxf3 30. Na3 h5 31. h4 g5 32. hxg5 Re1+ 0-1

[Event "M.Botvinnik Memorial 2012"]
[Site "St. Petersburg, Russia"]
[Date "2012.09.01"]
[Round "8.54"]
[White "Molchanova, Tatjana"]
[Black "Ljubarov, Mark"]
[Result "1-0"]
[WhiteElo "2318"]
[BlackElo "2158"]
[PlyCount "75"]
[EventDate "2012.08.25"]

1. c4 Nf6 2. g3 g6 3. Bg2 Bg7 4. Nc3 O-O 5. e4 d6 6. Nge2 c5 7. O-O Nc6 8. d3
Bd7 9. h3 a6 10. Be3 Rb8 11. a4 Ne8 12. Qd2 Nc7 13. f4 b5 14. axb5 axb5 15. f5
bxc4 16. d4 cxd4 17. Nxd4 Nxd4 18. Bxd4 Rxb2 19. Qd1 Bxd4+ 20. Qxd4 Nb5 21.
Nxb5 Rxb5 22. Ra7 Bc6 23. Kh1 Qb6 24. Qxb6 Rxb6 25. Rxe7 gxf5 26. exf5 Rd8 27.
Rc7 Bxg2+ 28. Kxg2 d5 29. Rd1 Rdd6 30. g4 Kf8 31. g5 Rbc6 32. Rb7 d4 33. Ra1
Ra6 34. Re1 Ra5 35. Rb8+ Kg7 36. Ree8 Ra2+ 37. Kg3 Ra3+ 38. Kf4 1-0

[Event "M.Botvinnik Memorial 2012"]
[Site "St. Petersburg, Russia"]
[Date "2012.09.01"]
[Round "8.55"]
[White "Vardanian, Hamazasp"]
[Black "Polyaninov, Aleksey"]
[Result "0-1"]
[WhiteElo "2153"]
[BlackElo "2316"]
[PlyCount "118"]
[EventDate "2012.08.25"]

1. Nf3 c5 2. g3 Nc6 3. Bg2 e5 4. d3 g6 5. c4 Bg7 6. Nc3 Nge7 7. O-O O-O 8. Nd5
Nxd5 9. cxd5 Ne7 10. Qb3 d6 11. Bd2 Rb8 12. a4 Nf5 13. e3 Re8 14. Bc3 h5 15. a5
Bd7 16. e4 Nd4 17. Nxd4 exd4 18. Bd2 h4 19. f4 b5 20. Qd1 c4 21. Bb4 h3 22. Bf3
Qf6 23. Rc1 Rbc8 24. Bg4 Rc7 25. Bxd7 Rxd7 26. Qg4 Qd8 27. f5 Be5 28. fxg6 fxg6
29. Qxg6+ Rg7 30. Qh6 Qd7 31. Rf5 cxd3 32. Rcf1 Qe7 33. Qxh3 Rh7 34. Qg4+ Kh8
35. Qg6 Rg8 36. Qe6 Qg7 37. Rf7 Qh6 38. Rxh7+ Qxh7 39. Rf7 Qh5 40. Qf5 Rg5 41.
Qf1 Qg6 42. Rxa7 Bg7 43. Qxd3 Re5 44. Qxd4 Re7 45. Ra8+ Kh7 46. Qf2 Rf7 47. Qe3
Qh5 48. Qd3 Rf3 49. Qc2 Bd4+ 50. Kg2 Rf7 51. e5+ Kg7 52. Bc3 Qf3+ 53. Kh3 Rf5
54. Ra7+ Bxa7 55. e6+ Kf8 56. Bg7+ Kxg7 57. Qc7+ Kg6 58. Qc2 Kh6 59. Qc1+ Be3
0-1

[Event "M.Botvinnik Memorial 2012"]
[Site "St. Petersburg, Russia"]
[Date "2012.09.01"]
[Round "8.56"]
[White "Myshkin, Nikita"]
[Black "Aminov, Andrey"]
[Result "0-1"]
[WhiteElo "2299"]
[BlackElo "2142"]
[PlyCount "82"]
[EventDate "2012.08.25"]

1. d4 Nf6 2. c4 g6 3. Nc3 Bg7 4. e4 d6 5. Be2 O-O 6. Nf3 e5 7. Be3 exd4 8. Nxd4
Re8 9. f3 c6 10. Qd2 d5 11. exd5 cxd5 12. O-O Nc6 13. Rad1 Nxd4 14. Bxd4 dxc4
15. Bxc4 Be6 16. Bb5 Rf8 17. Qf2 Qa5 18. Qh4 Nh5 19. Qf2 Nf6 20. Kh1 Rfc8 21.
Qh4 Qd8 22. Bxa7 Nd5 23. Qf2 Bxc3 24. bxc3 Qa5 25. c4 Nc3 26. Rc1 Nxb5 27. Bb6
Qa3 28. Rc2 Rxc4 29. Rb2 Qa6 30. Be3 Ra4 31. Qg3 Nd6 32. Rfb1 Nf5 33. Qe5 Nxe3
34. Qxe3 Rxa2 35. Rb6 Qe2 36. Qg5 h6 37. Qg3 Qf2 38. Rxb7 Qxg3 39. hxg3 Ra1 40.
Kh2 Rxb1 41. Rxb1 Ra2 0-1

[Event "M.Botvinnik Memorial 2012"]
[Site "St. Petersburg, Russia"]
[Date "2012.09.01"]
[Round "8.57"]
[White "Lamorelle, Julien"]
[Black "Pen, Pyotr"]
[Result "1-0"]
[WhiteElo "2290"]
[BlackElo "2138"]
[PlyCount "57"]
[EventDate "2012.08.25"]

1. e4 e6 2. d4 d5 3. Nc3 Bb4 4. e5 c5 5. Bd2 Ne7 6. a3 Bxc3 7. Bxc3 cxd4 8.
Bxd4 O-O 9. Nf3 b6 10. Bd3 h6 11. Qe2 Nbc6 12. c3 Bd7 13. Bc2 Rc8 14. Qd3 g6
15. h4 Nxd4 16. Nxd4 Qc7 17. Qe3 h5 18. O-O-O f5 19. f3 f4 20. Qe1 Rf7 21. g3
fxg3 22. Qxg3 Rg7 23. Rhg1 Nc6 24. f4 Nxd4 25. Rxd4 Be8 26. Rd2 Qe7 27. Rdg2
Rc4 28. Bd3 Rc7 29. Kb1 {unreadable} 1-0

[Event "M.Botvinnik Memorial 2012"]
[Site "St. Petersburg, Russia"]
[Date "2012.09.01"]
[Round "8.58"]
[White "Solovyov, Viktor"]
[Black "Pershin, Denis"]
[Result "1/2-1/2"]
[WhiteElo "2278"]
[BlackElo "2103"]
[PlyCount "187"]
[EventDate "2012.08.25"]

1. d4 Nf6 2. c4 e6 3. g3 c5 4. Nf3 cxd4 5. Nxd4 Nc6 6. Bg2 Be7 7. O-O O-O 8.
Nc3 a6 9. b3 Qc7 10. Bb2 b6 11. Rc1 Bb7 12. Nd5 exd5 13. cxd5 Bc5 14. dxc6 dxc6
15. Nf5 Rfd8 16. Qc2 Ne8 17. Qc3 a5 18. Nxg7 Bd4 19. Nxe8 Qe5 20. Qxd4 Rxd4 21.
e3 Rxe8 22. Bxd4 Qc7 23. Rfd1 c5 24. Bxb7 Qxb7 25. Bf6 Qc6 26. Bg5 Re5 27. Bd8
Re6 28. Rd2 Rd6 29. Rcd1 Rxd2 30. Rxd2 Kg7 31. Kf1 c4 32. bxc4 Qxc4+ 33. Ke1
Qb4 34. Bc7 b5 35. Bd6 Qc3 36. Ke2 Qc4+ 37. Kf3 b4 38. Be5+ f6 39. Bd4 a4 40.
h3 Kg6 41. Rb2 Qc6+ 42. Ke2 Qc4+ 43. Kf3 a3 44. Rb3 Qc6+ 45. Ke2 Qc2+ 46. Kf3
Qxa2 47. Rxb4 Qd5+ 48. e4 Qh5+ 49. Ke3 Qg5+ 50. Kd3 a2 51. Rb6 Kf7 52. Rb7+ Ke6
53. Rb6+ Ke7 54. Rb7+ Ke6 55. Rb6+ Kd7 56. Rb7+ Kc6 57. Rb6+ Kc7 58. Rxf6 Qb5+
59. Ke3 Qc4 60. Be5+ Kb7 61. Kf4 h6 62. h4 h5 63. Rg6 Qc1+ 64. Kf3 Qd1+ 65. Ke3
Qb3+ 66. Kf4 Qd3 67. f3 Qd2+ 68. Kf5 Qe3 69. f4 Qc5 70. Rg7+ Ka8 71. Kg6 Qc6+
72. Kxh5 Qxe4 73. Kh6 Qxe5 74. fxe5 a1=Q 75. Rg5 Qa6+ 76. Kg7 Qb7+ 77. Kf6 Qf3+
78. Kg7 Qb7+ 79. Kf6 Qf3+ 80. Kg7 Qb7+ 81. Kh8 Qd5 82. h5 Kb7 83. h6 Qd8+ 84.
Rg8 Qd5 85. Rg7+ Kc6 86. Rg6+ Kc5 87. e6 Kd6 88. h7 Ke7 89. Kg7 Qe5+ 90. Kh6
Qe3+ 91. Kh5 Qf3+ 92. Kh6 Qe3+ 93. Kh5 Qf3+ 94. Kh6 1/2-1/2

[Event "M.Botvinnik Memorial 2012"]
[Site "St. Petersburg, Russia"]
[Date "2012.09.01"]
[Round "8.60"]
[White "Kuzmin, Egor"]
[Black "Bronnikova, Elizaveta"]
[Result "1/2-1/2"]
[WhiteElo "2134"]
[BlackElo "2238"]
[PlyCount "192"]
[EventDate "2012.08.25"]

1. d4 Nf6 2. c4 g6 3. Nc3 Bg7 4. e4 d6 5. f4 O-O 6. Nf3 c5 7. dxc5 Qa5 8. Bd3
Qxc5 9. Qe2 Nc6 10. Be3 Qa5 11. O-O Ng4 12. Bd2 Qh5 13. h3 Nd4 14. Qd1 Nxf3+
15. Qxf3 Bd4+ 16. Kh1 Nf6 17. Qxh5 Nxh5 18. Rf3 Rd8 19. Nd5 e6 20. Bc3 Bxc3 21.
Nxc3 Bd7 22. Kh2 Bc6 23. g4 Nf6 24. f5 Nd7 25. Rd1 Ne5 26. Re3 g5 27. b3 Kg7
28. Ne2 Kf6 29. Nd4 Ke7 30. Nf3 exf5 31. gxf5 h6 32. Nd4 Kf6 33. Be2 Rac8 34.
Kg3 Rh8 35. Nb5 Bxb5 36. Rxd6+ Ke7 37. Rd5 Nxc4 38. bxc4 Bxc4 39. Bxc4 Rxc4 40.
e5 Rhc8 41. e6 R8c7 42. Rde5 Rc3 43. Rxc3 Rxc3+ 44. Kg4 Rc4+ 45. Kg3 Rc6 46.
exf7+ Kxf7 47. Re4 h5 48. Rd4 Rc3+ 49. Kg2 Kf6 50. Rd7 Rc2+ 51. Kf3 Rxa2 52.
Rxb7 Kxf5 53. Rb5+ Kf6 54. Rb3 Ra4 55. Rc3 Rf4+ 56. Ke3 Kg6 57. Ra3 Rh4 58. Kf2
a5 59. Rxa5 Rxh3 60. Ra6+ Kf5 61. Ra5+ Kf6 62. Ra6+ Ke7 63. Ra7+ Kd6 64. Ra6+
Kc7 65. Ra7+ Kb6 66. Rg7 g4 67. Rg5 Kc6 68. Kg2 Kd6 69. Rf5 Ke6 70. Rf1 Ke5 71.
Rf8 Ke4 72. Rf7 h4 73. Re7+ Kf5 74. Rh7 Kg6 75. Rh8 Rg3+ 76. Kh2 Kg5 77. Rg8+
Kf4 78. Ra8 Re3 79. Rf8+ Ke4 80. Re8+ Kf3 81. Rf8+ Ke2 82. Rf4 Rh3+ 83. Kg2
Rg3+ 84. Kh2 Ke3 85. Ra4 Kf3 86. Ra3+ Kf2 87. Ra2+ Ke1 88. Ra1+ Kd2 89. Ra2+
Kc1 90. Ra4 Kb2 91. Rd4 Kc3 92. Ra4 Kd2 93. Ra2+ Ke3 94. Ra3+ Kf4 95. Ra4+ Kf5
96. Ra5+ Kf6 1/2-1/2

[Event "M.Botvinnik Memorial 2012"]
[Site "St. Petersburg, Russia"]
[Date "2012.09.01"]
[Round "8.61"]
[White "Papadakis, Michalis"]
[Black "Trapeznikova, Darya"]
[Result "1-0"]
[WhiteElo "2235"]
[BlackElo "2050"]
[PlyCount "55"]
[EventDate "2012.08.25"]

1. d4 d5 2. c4 e6 3. Nc3 c6 4. e3 Bd6 5. Nf3 f5 6. Bd3 Nf6 7. Qc2 Ne4 8. h4 Nd7
9. Bd2 Ndf6 10. Ne5 Bxe5 11. dxe5 Ng4 12. Bxe4 fxe4 13. f4 exf3 14. gxf3 Nxe5
15. O-O-O Nxc4 16. h5 Qf6 17. h6 gxh6 18. e4 d4 19. Ne2 Nxd2 20. Qxd2 c5 21.
Rxh6 Qe7 22. Rdh1 Bd7 23. Nf4 Qf7 24. Ng6 Rg8 25. Ne5 Qg7 26. Nxd7 Qxd7 27.
Rxh7 Qb5 28. Qf4 1-0

[Event "M.Botvinnik Memorial 2012"]
[Site "St. Petersburg, Russia"]
[Date "2012.09.01"]
[Round "8.62"]
[White "Shulakova, Svetlana"]
[Black "Ganichev, Alexander"]
[Result "1-0"]
[WhiteElo "2123"]
[BlackElo "2227"]
[PlyCount "103"]
[EventDate "2012.08.25"]

1. d4 d5 2. c4 e6 3. Nc3 c5 4. cxd5 cxd4 5. Qa4+ Bd7 6. Qxd4 exd5 7. Qxd5 Nc6
8. Bg5 Nf6 9. Qd2 h6 10. Bxf6 Qxf6 11. Nd5 Qd8 12. e4 Be6 13. Ne2 Bb4 14. Nxb4
Qxd2+ 15. Kxd2 Nxb4 16. Nd4 O-O-O 17. Ke3 Rxd4 18. Kxd4 Nc2+ 19. Kc3 Nxa1 20.
Bd3 Nb3 21. axb3 Kb8 22. Bc4 Rc8 23. Kb4 Rd8 24. Bxe6 fxe6 25. Kc3 Rc8+ 26. Kd3
Rc6 27. Rd1 a5 28. Rd2 Ka7 29. e5 Rc1 30. f4 Re1 31. g4 g6 32. Re2 Rf1 33. Ke3
b5 34. Rf2 Re1+ 35. Kd4 Kb6 36. f5 gxf5 37. gxf5 Rd1+ 38. Ke4 Re1+ 39. Kf4 exf5
40. Kxf5 Kc5 41. Rd2 Rf1+ 42. Kg6 Re1 43. Kf6 Rf1+ 44. Ke7 a4 45. bxa4 bxa4 46.
e6 Kc6 47. Ke8 Rf3 48. e7 a3 49. bxa3 Rxa3 50. Rf2 Ra8+ 51. Kf7 Ra7 52. Kf8 1-0

[Event "M.Botvinnik Memorial 2012"]
[Site "St. Petersburg, Russia"]
[Date "2012.09.01"]
[Round "8.63"]
[White "Poltoratsky, Daniil"]
[Black "Markevich, Ilya"]
[Result "0-1"]
[WhiteElo "2109"]
[BlackElo "2210"]
[PlyCount "72"]
[EventDate "2012.08.25"]

1. d4 d5 2. Nf3 e6 3. Bg5 Be7 4. Bxe7 Nxe7 5. e3 Nd7 6. Bd3 c5 7. c3 Qb6 8. Qc2
f5 9. Nbd2 O-O 10. O-O-O c4 11. Be2 Qa5 12. Kb1 b5 13. g4 Rb8 14. a3 Qc7 15.
gxf5 exf5 16. Rhg1 a5 17. Rg3 b4 18. cxb4 Ba6 19. Rdg1 g6 20. Qc3 axb4 21. axb4
Qd6 22. Kc2 Rxb4 23. Ne5 Rfb8 24. Rb1 Nb6 25. e4 Na4 26. Qe3 Rxb2+ 27. Rxb2
Rxb2+ 28. Kd1 c3 29. Ndc4 dxc4 30. Bxc4+ Bxc4 31. Nxc4 c2+ 32. Kc1 Qb4 33. exf5
Qxc4 34. Qe6+ Qxe6 35. fxe6 Ra2 36. Re3 Nb6 0-1

[Event "M.Botvinnik Memorial 2012"]
[Site "St. Petersburg, Russia"]
[Date "2012.09.01"]
[Round "8.64"]
[White "Rupel, David G"]
[Black "Savinov, Leonid"]
[Result "1-0"]
[WhiteElo "2100"]
[BlackElo "2208"]
[PlyCount "97"]
[EventDate "2012.08.25"]

1. d4 d5 2. Nf3 Nf6 3. Bf4 Bg4 4. c3 Bxf3 5. exf3 e6 6. Qb3 Qc8 7. Na3 Bd6 8.
Bxd6 cxd6 9. Qb4 Ke7 10. Bd3 Nc6 11. Qa4 Re8 12. Nc2 Kf8 13. O-O Kg8 14. Rfe1
a6 15. Rac1 b5 16. Qa3 Qc7 17. Ne3 Qd7 18. Qb3 Na5 19. Qd1 Nc4 20. Re2 g6 21.
b3 Nb6 22. Qd2 Kg7 23. Ng4 Nxg4 24. fxg4 e5 25. f3 e4 26. fxe4 Qxg4 27. Rce1
dxe4 28. Rxe4 Rxe4 29. Rxe4 Qd7 30. Rh4 h5 31. Qg5 Rh8 32. c4 bxc4 33. bxc4 Qc7
34. Rf4 Nd7 35. Qe7 Rf8 36. Rf6 Nxf6 37. Qxc7 Re8 38. Qxd6 Re1+ 39. Kf2 Rd1 40.
Ke2 Rg1 41. Qc6 h4 42. c5 Nh5 43. Be4 h3 44. gxh3 Nf4+ 45. Kd2 Nxh3 46. Qxa6
Rg4 47. Ke3 Ng5 48. Bd5 Rh4 49. Kd3 1-0

[Event "M.Botvinnik Memorial 2012"]
[Site "St. Petersburg, Russia"]
[Date "2012.09.01"]
[Round "8.65"]
[White "Saveliev, Alexei"]
[Black "Suslova, Alena"]
[Result "1-0"]
[WhiteElo "2081"]
[BlackElo "2196"]
[PlyCount "51"]
[EventDate "2012.08.25"]

1. e4 d5 2. exd5 Nf6 3. d4 Nxd5 4. c4 Nb6 5. Nf3 g6 6. Nc3 Bg7 7. c5 Nd5 8. Bc4
c6 9. O-O O-O 10. Re1 Nxc3 11. bxc3 b5 12. Bb3 Nd7 13. Bg5 Bf6 14. Qe2 a5 15.
a4 Bxg5 16. Nxg5 e6 17. Ne4 Ba6 18. Qf3 Kg7 19. Nd6 Qc7 20. Qf4 Ra7 21. Re3
bxa4 22. Bxa4 Bc8 23. Bc2 e5 24. Nf5+ Kh8 25. Qh6 Rg8 26. Qxh7+ 1-0

[Event "M.Botvinnik Memorial 2012"]
[Site "St. Petersburg, Russia"]
[Date "2012.09.01"]
[Round "8.66"]
[White "Svidinsky, Dmitry"]
[Black "Chetverik, Maxim"]
[Result "1/2-1/2"]
[WhiteElo "2064"]
[BlackElo "2272"]
[PlyCount "134"]
[EventDate "2012.08.25"]

1. e4 e5 2. Nf3 Nc6 3. Bb5 Bb4 4. c3 Ba5 5. Na3 Bb6 6. Nc4 d6 7. d4 exd4 8.
Nxd4 Nge7 9. Nxb6 axb6 10. O-O Bd7 11. Bg5 O-O 12. Nxc6 bxc6 13. Bc4 Kh8 14.
Qd2 f6 15. Bh4 Ng6 16. Bg3 Qe7 17. f3 Ra5 18. Kh1 Rfa8 19. Rad1 Be6 20. Bxe6
Qxe6 21. a3 h5 22. h3 h4 23. Bh2 Rb5 24. Ra1 Ra4 25. Qc2 Qb3 26. Rf2 Qxc2 27.
Rxc2 Rb3 28. Re1 Kg8 29. Rce2 Nf8 30. Rd1 Ne6 31. Rc2 Rc4 32. Bg1 Kf7 33. Bf2
g5 34. Be3 b5 35. Re2 c5 36. Kh2 Nf8 37. Bc1 Ng6 38. Be3 Ra4 39. Rdd2 Ne5 40.
Rc2 Nd3 41. Red2 c4 42. Re2 Ra8 43. Bd4 c5 44. Be3 Rc8 45. Bg1 Ke6 46. Be3 b4
47. axb4 cxb4 48. cxb4 Rxb4 49. Bd4 Rcb8 50. Bc3 Ra4 51. Bd4 Rb3 52. Bc3 Ra2
53. Bd4 Rb4 54. Bc3 Rba4 55. Rcd2 Ra6 56. Re3 Rb6 57. Ree2 Rb3 58. Bd4 Nf4 59.
Re3 Ra1 60. Rc3 Nh5 61. Rxb3 cxb3 62. Rd3 Ng3 63. Bg1 Ne2 64. Be3 Ng3 65. Bg1
Nf1+ 66. Kh1 Ng3+ 67. Kh2 Nf1+ 1/2-1/2

[Event "M.Botvinnik Memorial 2012"]
[Site "St. Petersburg, Russia"]
[Date "2012.09.01"]
[Round "8.67"]
[White "Bykova, Anastasia"]
[Black "Toivonen, Alexander V"]
[Result "1/2-1/2"]
[WhiteElo "2013"]
[BlackElo "2250"]
[PlyCount "98"]
[EventDate "2012.08.25"]

1. d4 d5 2. Nf3 Nf6 3. c4 dxc4 4. e3 Bg4 5. Bxc4 e6 6. Nbd2 a6 7. O-O Nc6 8.
Be2 Bd6 9. Nc4 O-O 10. b3 b5 11. Nxd6 cxd6 12. a4 b4 13. h3 Bxf3 14. Bxf3 d5
15. Bb2 Qb6 16. Rc1 Rac8 17. Qd3 Ne7 18. Be2 a5 19. Qa6 Qxa6 20. Bxa6 Rxc1 21.
Rxc1 Ra8 22. Bd3 Rc8 23. f3 Nd7 24. Bb5 Rxc1+ 25. Bxc1 Nb6 26. g4 Nec8 27. Kf2
Nd6 28. Bd3 h6 29. h4 Kf8 30. Ke2 Ke7 31. Kd2 f5 32. Ke2 Nd7 33. Bd2 fxg4 34.
fxg4 Ne4 35. Be1 Ndf6 36. Kf3 g5 37. hxg5 hxg5 38. Bc2 Kd6 39. Bg3+ Nxg3 40.
Kxg3 e5 41. Kf3 Ng8 42. Ke2 Nh6 43. Kf3 Nf7 44. Ke2 Nd8 45. Kd3 Ne6 46. Bd1 Nf8
47. Ke2 Nd7 48. Bc2 Nb6 49. Kd3 e4+ 1/2-1/2

[Event "M.Botvinnik Memorial 2012"]
[Site "St. Petersburg, Russia"]
[Date "2012.09.01"]
[Round "8.68"]
[White "Andrenko, Irina"]
[Black "Zarivkina, Victorya"]
[Result "1-0"]
[WhiteElo "2228"]
[BlackElo "2072"]
[PlyCount "121"]
[EventDate "2012.08.25"]

1. e4 c5 2. Nf3 d6 3. d4 cxd4 4. Nxd4 Nf6 5. Nc3 a6 6. Qe2 e5 7. Nf5 Nc6 8. Bg5
Bxf5 9. exf5 Nd4 10. Qd3 Be7 11. Be3 Nc6 12. O-O-O Rc8 13. a3 Qa5 14. Nd5 Nxd5
15. Qxd5 Qa4 16. Bc4 O-O 17. Bb3 Qg4 18. Qd3 Na5 19. Bd5 b5 20. Kb1 Qa4 21. Bc1
Qh4 22. g3 Qh3 23. Qe4 Rc7 24. g4 Qh4 25. Qg2 Rfc8 26. c3 Bg5 27. Rd3 Bxc1 28.
Rxc1 Qg5 29. h4 Qf4 30. Rcd1 Kf8 31. Qg3 Qa4 32. Re1 Rb8 33. g5 Nc4 34. Re2 Rb6
35. Qg1 Qb3 36. Ka1 a5 37. Qd1 Qxd1+ 38. Rxd1 a4 39. f6 Na5 40. f4 Rc8 41.
fxg7+ Kxg7 42. fxe5 dxe5 43. Rxe5 Rd8 44. Rf1 Rbd6 45. Rxf7+ Kg6 46. Re6+ Kh5
47. Rxh7+ Kg4 48. Rxd6 Rxd6 49. Rd7 Rxd7 50. Be6+ Kxh4 51. Bxd7 Kxg5 52. Bxb5
Nb3+ 53. Kb1 Nc5 54. Kc2 Kf4 55. c4 Ke5 56. Kc3 Kd6 57. Be8 Kc7 58. Bg6 Na6 59.
Bc2 Nc5 60. Kb4 Kb6 61. Bxa4 1-0